Dean Koontz Novels Quiz Stats

 Plays Quiz Updated Apr 3, 2020

     
Support Sporcle.
Go Orange.
Score 0/121 Timer 15:00
0 Plays Today
Year Novel % Correct
2003Odd Thomas
64.7%
1987Watchers
47.6%
2006Brother Odd
45.6%
2005Forever Odd
39%
1995Intensity
38.8%
2006The Husband
36.2%
1988Lightning
35.8%
2003The Face
35.5%
1983Phantoms
35.2%
2005Velocity
34.1%
1996Tick Tock
33.3%
1984Twilight
32.2%
1993Mr. Murder
30.5%
1986Strangers
30.2%
1980Whispers
28.7%
1993Dragon Tears
28.2%
2008Odd Hours
27.9%
1990The Bad Place
27.9%
2008The Bad Place
27.9%
1989Midnight
27.5%
1998Fear Nothing
27.2%
2020Devoted
26.7%
1980The Funhouse
26.1%
1992Hideaway
26%
2015Saint Odd
25.7%
2000From the Corner of His Eye
25.5%
1999Seize the Night
25.4%
1985The Door to December
24.9%
1973*Demon Seed
24.8%
2007The Good Guy
24.8%
2014The City
24.3%
2004The Taking
24.1%
1999False Memory
23.7%
1997Sole Survivor
23.5%
1991Cold Fire
23.4%
1994Dark Rivers of the Heart
22.7%
2017The Silent Corner
22.6%
2004Life Expectancy
21.9%
2013Deeply Odd
21.6%
2018The Crooked Staircase
21.6%
1985Twilight Eyes
21.4%
Year Novel % Correct
1981The Mask
21.3%
1995Icebound
21.1%
2017The Whispering Room
21.1%
2002By the Light of the Moon
20.9%
2019The Night Window
20.5%
2012Odd Apocalypse
20.4%
1977Face of Fear
19.3%
1982The House of Thunder
19%
2013Innocence
18.9%
2018The Forbidden Door
18.8%
1979The Key to Midnight
18.7%
1990Shadowfires
18.6%
2008Shadowfires
18.6%
1976Night Chills
18.4%
2007The Darkest Evening of the Year
18.3%
1973Shattered
18.3%
2001One Door Away from Heaven
18.1%
2015Ashley Bell
18%
2009Breathless
17.1%
201177 Shadow Street
17%
2009Relentless
17%
2005Frankenstein Book One: Prodigal Son
16.9%
1994Winter Moon
16.7%
2010What the Night Knows
15.6%
1995Strange Highways
15.5%
1977The Vision
15.4%
2005Frankenstein Book Two: City of Night
14.9%
2012Oddkins
14.8%
1981The Eyes of Darkness
14.8%
1980The Voice of the Night
14.2%
1968Star Quest
11.2%
1972*Chase
10.5%
1975Invasion
8.5%
1972Warlock
8.3%
1969Fear that Man
8.2%
1970Beastchild
8.1%
1970Hell's Gate
7.8%
1975Dragonfly
7.8%
1988Oddkins
7.7%
1970Anti-Man
7.5%
1971Demon Child
7.1%
Year Novel % Correct
1969The Dark Symphony
7.1%
1972Starblood
7.1%
2009A Big Little Life
7%
1972Time Thieves
6.9%
1971The Crimson Witch
6.8%
1973Hanging On
6.8%
1969The Fall of the Dream Machine
6.7%
1970Dark of the Woods
6.6%
1973Blood Risk
6.6%
1973A Werewolf Among Us
6.5%
2011Nevermore
6.4%
1971Legacy of Terror
6.4%
1975The Long Sleep
6.3%
1972Children of the Storm
6.3%
1974Surrounded
6.2%
1972The Flesh in the Furnace
6.2%
1996Santa's Twin
6.1%
1973The Haunted Earth
6.1%
1972A Darkness in My Soul
6%
1972Dance with the Devil
5.9%
1975The Wall of Masks
5.9%
1970Soft Come the Dragons
5.9%
1972The Dark of the Summer
5.8%
1974After the Last Race
5.8%
2010Trixie & Jinx
5.7%
1975Nightmare Journey
5.7%
2009I Trixie, Who is Dog
5.6%
1974Strike Deep
5.3%
2011Frankenstein: The dead town
5.2%
2010Frankenstein: Lost Souls
5.2%
2004Robot Santa
5.2%
2004**Life is Good
4.8%
2008Book of Counted Sorrows
4.7%
2008Bliss to You
4.4%
2005**Christmas is Good
4.2%
2009Frankenstein Book 3: Dead and Alive
4.1%
2001The Paper Doorway
3.3%
2003Every Day's a Holiday
2.9%
2005Frankenstein Teleplay
2.6%

From the Vault

Almost Useless Movie Trivia IX

by movielover94

Movies 7m
Did you get your tickets to the gun show?
Remove Ads.
Support Sporcle.
Get the best of Sporcle when you Go Orange. This ad-free experience offers more features, more stats, and more fun while also helping to support Sporcle. Thank you for becoming a member.

Show Comments

Extras

Top Quizzes Today


Score Distribution

Your Account Isn't Verified!

In order to create a playlist on Sporcle, you need to verify the email address you used during registration. Go to your Sporcle Settings to finish the process.

Report this User

Report this user for behavior that violates our Community Guidelines.

Details: